|
|
|
|
| LEADER |
00000cam a2200000 a 4500 |
| 001 |
vtls008366144 |
| 003 |
SK-MaSNL |
| 005 |
20260302055928.0 |
| 008 |
020505s1919 xo grn 000 0 slo |
| 015 |
|
|
|a SNBA19191938-001203
|
| 020 |
|
|
|q (brož.)
|
| 035 |
|
|
|a SK01SNKBSKHR20020058361
|
| 035 |
|
|
|a SKM000060824
|
| 040 |
|
|
|a SNK
|b slo
|c SNK
|e AACR2
|
| 041 |
0 |
|
|a slo
|
| 044 |
|
|
|a xo
|c SK
|
| 072 |
|
7 |
|a 821.162.4.09
|x Slovenská literatúra (o nej)
|2 konspekt
|
| 080 |
|
|
|a 821.162.4
|2 2011
|
| 080 |
|
|
|a (048.8)
|2 2011
|
| 100 |
1 |
|
|a Bujnák, Pavel,
|d 1882-1933
|4 aut
|4 aui
|9 217388
|
| 245 |
1 |
0 |
|a Sobrané kritiky
|n 1
|p (Hviezdoslav)
|c Pavel Bujnák
|
| 260 |
|
|
|a Bratislava
|b O.M.S.
|c 1919
|e Praha
|f Politika
|
| 300 |
|
|
|a 198, [2] s.
|c 23 cm
|
| 490 |
1 |
|
|a Knižnica Mladého Slovenska
|v č. 2
|
| 504 |
|
|
|a Obsahuje bibliografické odkazy
|
| 600 |
1 |
7 |
|a Hviezdoslav, Pavol Országh,
|d 1849-1921
|2 SNKMA
|9 92721
|
| 650 |
0 |
7 |
|a slovenská literatúra
|2 SNKPH
|9 1115
|
| 655 |
|
7 |
|a štúdie
|2 SNKPH
|9 57033
|
| 830 |
|
0 |
|a Knižnica Mladého Slovenska
|9 347575
|
| 852 |
|
|
|a Slovenská národná knižnica
|
| 954 |
|
|
|a odborná, vedecká literatúra pôvodná (slovenská)
|2 lita
|
| 958 |
|
|
|a LX
|
| 958 |
|
|
|a NB
|
| 958 |
|
|
|a ONDV
|
| 999 |
|
|
|c 1119232
|d 1121162
|
| 952 |
|
|
|a SNK
|b SNK
|y PREZ
|7 0
|p 17A0714594
|o snkSC 334/2
|i snk842/48
|0 0
|1 0
|4 0
|d 2011-12-06
|f 1
|l 0
|r 2025-05-27 00:00:00
|w 2026-02-24
|
| 952 |
|
|
|a SNK
|b SNK
|y VYP
|7 0
|p 17A0159800
|o snkSC 334/2 D1
|i snkKSF 3078/56
|8 5
|3 Popísaná
|0 0
|1 0
|4 0
|d 2011-12-06
|l 0
|r 2026-02-24 18:26:37
|w 2026-02-24
|
| 952 |
|
|
|a SNK
|b SNK
|y VYP
|7 0
|p 17A0319788
|o snkSC 334/2 D2
|i snkD 1945/61
|8 1
|0 0
|1 0
|4 0
|d 2011-12-06
|l 0
|r 2026-02-24 18:26:37
|w 2026-02-24
|
| 952 |
|
|
|a SNKLM
|b SNKLM
|y NEVYP
|7 0
|o snklmMK 6220
|8 3
|0 0
|1 0
|4 0
|d 2011-12-06
|l 0
|r 2026-02-24 18:26:38
|w 2026-02-24
|